LEADER 01408nam a2200289 u 4500 001 000000021779 003 CaOOAMICUS 005 20070226111042.0 008 950418m19181920it u000 u ita u 035 $a10541603 040 $aPUL(R)$bita$dISA(R) 100 1 $aPacchioni, Giovanni,$d1867-1946.$0(OLS)http://pul/name/18620 245 10$aCorso di diritto romano /$cGiovanni Pacchioni. 250 $a2. ed. completamente rifatta ed ampliata. 260 $aTorino :$bUnione tipografico-editrice torinese,$c1918-20. 300 $a2 v. ;$c24 cm 500 $aContiene indici. 504 $aBibliografia in nota. 505 1 $av. 1.: Storia della costituzione e delle fonti del diritto -- v. 2: Parte generale ; Proprietà ; Possesso e "Iura in re aliena". 650 4$aDiritto romano$xManuali, trattati, ecc.$0(OLS)http://pul/subject/13860 850 $aPUL 852 $aPUL$W1$xDP2 Diritto e Scienze Sociali 1$y65$m183 E 70$j155801$nBK-PRI$av.1$qStampati$B30606$CPULBib$Z2$F30606 $H73827 $82 852 $aPUL$W1$xDP2 Diritto e Scienze Sociali 1$y65$m183 E 71$j155802$nBK-PRI$av.2$qStampati$B30607$CPULBib$Z2$F30607 $H73826 $82 941 1 $a8 961 $aINV: 73826-73827. 996 $6245$aCorso di diritto romano$9(OLS)http://pul/title/453 996 $6260$aTorino :$bUnione tipografico-editrice torinese$9(OLS)http://pul/publisher/48298 LEADER 01395nam a2200289 u 4500 001 000000118055 003 CaOOAMICUS 005 20091120111144.0 008 091118s1972 it u000 u eng r 040 $aPUL$bita$dMCT 041 0 $aeng$afre$aspa 245 00$aMediation :$bin Christianity and other religions = Médiation : dans le Christianisme et les autres religions. 246 30$aMédiation : dans le Christianisme et les autres religions 260 $aRome :$bGregorian University Press,$c1972. 300 $a336 p. ;$c25 cm 490 1 $aStudia missionalia ;$v21 504 $aBibliografia in nota. 546 $aTesti in inglese, francese e spagnolo. 650 4$aMediazione (teologia).$0(OLS)http://pul/subject/9378 650 4$aSpiritualità.$0(OLS)http://pul/subject/843 830 0$aStudia missionalia ;$v21.$0(OLS)http://pul/title/228 850 $aPUL 852 $aPUL$W1$xDP1 Cons. Gen., Altre Classi 1$y22$m781 F 1$j135501$qStampati$B134470$CPULBib$Z2$F134470 $H67292 $82 941 1 $a8 996 $6246$aMédiation : dans le Christianisme et les autres religions$9(OLS)http://pul/title/148603 996 $6245$aMediation :$bin Christianity and other religions = Médiation : dans le Christianisme et les autres religions$9(OLS)http://pul/title/148602 996 $6260$aRome :$bGregorian University Press$9(OLS)http://pul/publisher/53119